00871nam a22002537a 45000010005000000030006000050050017000110080041000280200018000690400029000870500017001160820008001331000029001412450038001702500041002082600034002493000040002835050007003235200196003305210018005265210018005446500028005626500027005906088FISKH20250310092425.0250310b cb ||||| |||| 00| 0 eng d a9780439439619 aFISKHbengcFISKHdFISKH aPZ7.B82816 S a813 aBruchac, Josephd(1942-) aSkeleton man /cBy Joseph Bruchac aThis edition first published in 2002 aNew York :bScholastic,c2001 a114 pages :billustrations ;c20 cm aR  aAfter her parents disappear and she is turned over to the care of a strange "great-uncle," Molly must rely on her dreams about an old Mohawk story for her safety and maybe even for her life. 8 a730 bLexile 8 aR bRaz-Plus  2KidnappingaPsychopaths 2SupernaturalaFolklore